New forms of enterpreneurship in small and medium-size enterprises in the European Union and in the Slovak Republic

Uložené v:
Podrobná bibliografia
Hlavný autor: Šúbertová, Elena
Ďalší autori: Ondrejová, Zuzana, 1953-
Médium: Kapitola
Jazyk:English
Tagy: Pridať tag
Žiadne tagy, Buďte prvý, kto otaguje tento záznam!

MARC

LEADER 00000nla$a2200000$$$4500
001 0060880
005 20240502071658.2
041 0 |a eng 
044 |a SK 
245 1 0 |a New forms of enterpreneurship in small and medium-size enterprises in the European Union and in the Slovak Republic  |c Elena Šúbertová, Zuzana Ondrejová 
100 1 |a Šúbertová, Elena 
700 1 |a Ondrejová, Zuzana, 1953-